| 000 | 00386nam a22001577a 4500 | ||
|---|---|---|---|
| 005 | 20160426123041.0 | ||
| 008 | 160426b xxu||||| |||| 00| 0 eng d | ||
| 020 | _a81-7446-497-2 | ||
| 041 | _aeng | ||
| 082 | _b00073 | ||
| 100 |
_aBhattacharya, Dipak Kumar _953 |
||
| 245 | _aResearch Methodology | ||
| 260 |
_aNew Delhi _bExcel Books Naraina Phasel _c2006 |
||
| 300 | _a399 | ||
| 942 | _cBK | ||
| 999 |
_c12 _d12 |
||